000
00212nam a22000857a 4500
008
161217b xxu||||| |||| 00| 0 eng d
100
_9
2101
_a
Iyadurai
245
_a
Easy English Grammer
260
_a
Tamil Nadu
_b
J.P
_c
2011
999
_c
4985
_d
4985